000 00394pam a2200169 a 4500
020 _a0-237-51656-x
_c
041 _h
082 _a641.5
100 _aAVAS BROTHERS
_eAuthor
245 _aCLASSICALLY INSPIRED
_cAVAS BROTHERS
_hTextual Documents
250 _a1st
260 _alondon
_bEvans Brother
300 _a190
653 _afood production
700 _eCo-Author
930 _a758
999 _c228159
_d228159